[Event "Villarobledo Online Qualifyer"]
[Site "playchess.com #155672"]
[Date "2009.05.23"]
[Round "2"]
[White "Q2w3e"]
[Black "MiguelM"]
[Result "1/2-1/2"]
[WhiteElo "1553"]
[BlackElo "1815"]
[PlyCount "134"]
[EventDate "2009.05.23"]
[EventType "swiss (blitz)"]

1. c4 {[%emt 0:00:04]} c5 {[%emt 0:00:01]} 2. Nc3 {[%emt 0:00:01]} Nc6 {[%emt
0:00:01]} 3. Nf3 {[%emt 0:00:05]} Nf6 {[%emt 0:00:01]} 4. g3 {[%emt 0:00:01]}
g6 {[%emt 0:00:02]} 5. Bg2 {[%emt 0:00:01]} Bg7 {[%emt 0:00:01]} 6. O-O {[%emt
0:00:01]} O-O {[%emt 0:00:01]} 7. d4 {[%emt 0:00:02]} cxd4 {[%emt 0:00:04]} 8.
Nxd4 {[%emt 0:00:00]} Nxd4 {[%emt 0:00:02]} 9. Qxd4 {[%emt 0:00:00]} a6 {[%emt
0:00:04]} 10. Bg5 {[%emt 0:00:05]} d6 {[%emt 0:00:07]} 11. Rac1 {[%emt 0:00:08]
} Qc7 {[%emt 0:00:08]} 12. Qd3 {[%emt 0:00:22]} Rb8 {[%emt 0:00:24]} 13. Rfd1 {
[%emt 0:00:04]} Bd7 {[%emt 0:00:15]} 14. Nd5 {[%emt 0:00:12]} Qd8 {[%emt 0:00:
08]} 15. Nxf6+ {[%emt 0:00:09]} exf6 {[%emt 0:00:05]} 16. Be3 {[%emt 0:00:13]}
Bc6 {[%emt 0:00:02]} 17. Qxd6 {[%emt 0:00:14]} f5 {[%emt 0:00:14]} 18. Qxd8 {
[%emt 0:00:18]} Rfxd8 {[%emt 0:00:01]} 19. b3 {[%emt 0:00:24]} Bxg2 {[%emt 0:
00:13]} 20. Kxg2 {[%emt 0:00:00]} Bb2 {[%emt 0:00:03]} 21. Rxd8+ {[%emt 0:00:
12]} Rxd8 {[%emt 0:00:02]} 22. Rc2 {[%emt 0:00:02]} Ba3 {[%emt 0:00:02]} 23.
Rd2 {[%emt 0:00:07]} Rxd2 {[%emt 0:00:17]} 24. Bxd2 {[%emt 0:00:00]} Kf8 {
[%emt 0:00:02]} 25. Bc3 {[%emt 0:00:32]} Ke7 {[%emt 0:00:02]} 26. Kf3 {[%emt 0:
00:03]} Bc5 {[%emt 0:00:03]} 27. e3 {[%emt 0:00:03]} Ke6 {[%emt 0:00:01]} 28.
Bd4 {[%emt 0:00:04]} Bb4 {[%emt 0:00:03]} 29. Ke2 {[%emt 0:00:03]} b5 {[%emt 0:
00:10]} 30. cxb5 {[%emt 0:00:04]} axb5 {[%emt 0:00:01]} 31. Kd3 {[%emt 0:00:03]
} Kd5 {[%emt 0:00:01]} 32. Bc3 {[%emt 0:00:03]} Bd6 {[%emt 0:00:05]} 33. f3 {
[%emt 0:00:09]} h5 {[%emt 0:00:02]} 34. e4+ {[%emt 0:00:08]} fxe4+ {[%emt 0:00:
01]} 35. fxe4+ {[%emt 0:00:00]} Ke6 {[%emt 0:00:03]} 36. Ke3 {[%emt 0:00:06]}
h4 {[%emt 0:00:01]} 37. Kf3 {[%emt 0:00:02]} hxg3 {[%emt 0:00:01]} 38. hxg3 {
[%emt 0:00:00]} f5 {[%emt 0:00:02]} 39. exf5+ {[%emt 0:00:01]} gxf5 {[%emt 0:
00:01]} 40. g4 {[%emt 0:00:09]} fxg4+ {[%emt 0:00:01]} 41. Kxg4 {[%emt 0:00:00]
} Kd5 {[%emt 0:00:01]} 42. Kf3 {[%emt 0:00:01]} b4 {[%emt 0:00:03]} 43. Bb2 {
[%emt 0:00:01]} Bc5 {[%emt 0:00:02]} 44. Ke2 {[%emt 0:00:01]} Ke4 {[%emt 0:00:
03]} 45. Kd2 {[%emt 0:00:03]} Kd5 {[%emt 0:00:04]} 46. Kd3 {[%emt 0:00:01]} Bd6
{[%emt 0:00:03]} 47. Bc1 {[%emt 0:00:03]} Kc5 {[%emt 0:00:04]} 48. Bd2 {[%emt
0:00:02]} Kb5 {[%emt 0:00:01]} 49. Ke4 {[%emt 0:00:05]} Bf8 {[%emt 0:00:01]}
50. Kd5 {[%emt 0:00:01]} Be7 {[%emt 0:00:02]} 51. Be1 {[%emt 0:00:05]} Bf8 {
[%emt 0:00:01]} 52. Bd2 {[%emt 0:00:01]} Be7 {[%emt 0:00:01]} 53. Bc1 {[%emt 0:
00:01]} Bf8 {[%emt 0:00:01]} 54. Bb2 {[%emt 0:00:01]} Be7 {[%emt 0:00:01]} 55.
Be5 {[%emt 0:00:02]} Bf8 {[%emt 0:00:01]} 56. Bd6 {[%emt 0:00:02]} Bg7 {[%emt
0:00:01]} 57. Be5 {[%emt 0:00:03]} Bf8 {[%emt 0:00:01]} 58. Bd6 {[%emt 0:00:02]
} Bg7 {[%emt 0:00:01]} 59. Bxb4 {[%emt 0:00:03]} Kxb4 {[%emt 0:00:01]} 60. Ke4
{[%emt 0:00:01]} Bb2 {[%emt 0:00:02]} 61. Kd3 {[%emt 0:00:01]} Ba3 {[%emt 0:00:
03]} 62. Kc2 {[%emt 0:00:01]} Kb5 {[%emt 0:00:02]} 63. Kc3 {[%emt 0:00:01]} Bc5
{[%emt 0:00:05]} 64. Kb2 {[%emt 0:00:01]} Bb4 {[%emt 0:00:04]} 65. a3 {[%emt 0:
00:01]} Bd6 {[%emt 0:00:01]} 66. b4 {[%emt 0:00:02]} Bxb4 {[%emt 0:00:02]} 67.
axb4 {[%emt 0:00:01]} Kxb4 {[%emt 0:00:01]} 1/2-1/2

[Event "Villarobledo Online Qualifyer"]
[Site "playchess.com #155672"]
[Date "2009.05.23"]
[Round "2"]
[White "Àíòîíîâ"]
[Black "Burim999"]
[Result "1-0"]
[WhiteElo "1819"]
[BlackElo "1554"]
[PlyCount "125"]
[EventDate "2009.05.23"]
[EventType "swiss (blitz)"]

1. c4 {[%emt 0:00:02]} Nf6 {[%emt 0:00:02]} 2. Nc3 {[%emt 0:00:01]} e6 {[%emt
0:00:01]} 3. g3 {[%emt 0:00:02]} Bb4 {[%emt 0:00:01]} 4. Bg2 {[%emt 0:00:01]}
Bxc3 {[%emt 0:00:02]} 5. bxc3 {[%emt 0:00:01]} O-O {[%emt 0:00:01]} 6. Nf3 {
[%emt 0:00:01]} c6 {[%emt 0:00:01]} 7. O-O {[%emt 0:00:02]} d5 {[%emt 0:00:01]}
8. cxd5 {[%emt 0:00:03]} cxd5 {[%emt 0:00:01]} 9. d3 {[%emt 0:00:06]} Nc6 {
[%emt 0:00:01]} 10. Rb1 {[%emt 0:00:05]} b6 {[%emt 0:00:02]} 11. Bg5 {[%emt 0:
00:13]} h6 {[%emt 0:00:03]} 12. Bf4 {[%emt 0:00:03]} Qe7 {[%emt 0:00:10]} 13.
Ne5 {[%emt 0:00:11]} Nxe5 {[%emt 0:00:17]} 14. Bxe5 {[%emt 0:00:01]} Nd7 {
[%emt 0:00:01]} 15. Bf4 {[%emt 0:00:03]} Bb7 {[%emt 0:00:04]} 16. c4 {[%emt 0:
00:04]} e5 {[%emt 0:00:04]} 17. Bd2 {[%emt 0:00:05]} Nf6 {[%emt 0:00:10]} 18.
Bb4 {[%emt 0:00:15]} Qe6 {[%emt 0:00:06]} 19. Bxf8 {[%emt 0:00:03]} Rxf8 {
[%emt 0:00:01]} 20. cxd5 {[%emt 0:00:17]} Bxd5 {[%emt 0:00:05]} 21. Qa4 {[%emt
0:00:05]} Bxg2 {[%emt 0:00:10]} 22. Kxg2 {[%emt 0:00:02]} Qe7 {[%emt 0:00:21]}
23. Rbc1 {[%emt 0:00:10]} e4 {[%emt 0:00:05]} 24. dxe4 {[%emt 0:00:07]} Nxe4 {
[%emt 0:00:02]} 25. Rfd1 {[%emt 0:00:16]} Nc5 {[%emt 0:00:08]} 26. Qc2 {[%emt
0:00:07]} Re8 {[%emt 0:00:08]} 27. Re1 {[%emt 0:00:10]} Qg5 {[%emt 0:00:07]}
28. Rcd1 {[%emt 0:00:13]} h5 {[%emt 0:00:27]} 29. Qd2 {[%emt 0:00:04]} Qe7 {
[%emt 0:00:10]} 30. f3 {[%emt 0:00:08]} h4 {[%emt 0:00:06]} 31. a4 {[%emt 0:00:
05]} Qe6 {[%emt 0:00:26]} 32. g4 {[%emt 0:00:05]} Qc6 {[%emt 0:00:24]} 33. a5 {
[%emt 0:00:04]} Re7 {[%emt 0:00:03]} 34. axb6 {[%emt 0:00:02]} axb6 {[%emt 0:
00:03]} 35. Qd8+ {[%emt 0:00:02]} Qe8 {[%emt 0:00:01]} 36. Qxe8+ {[%emt 0:00:
02]} Rxe8 {[%emt 0:00:01]} 37. e4 {[%emt 0:00:02]} Kh7 {[%emt 0:00:02]} 38. Rb1
{[%emt 0:00:03]} Rd8 {[%emt 0:00:01]} 39. Re2 {[%emt 0:00:02]} Nd7 {[%emt 0:00:
02]} 40. Rd2 {[%emt 0:00:02]} Kg6 {[%emt 0:00:03]} 41. Rbd1 {[%emt 0:00:02]}
Ra8 {[%emt 0:00:04]} 42. Rxd7 {[%emt 0:00:01]} Ra2+ {[%emt 0:00:01]} 43. R1d2 {
[%emt 0:00:01]} Ra3 {[%emt 0:00:02]} 44. R7d6+ {[%emt 0:00:01]} f6 {[%emt 0:00:
02]} 45. Rxb6 {[%emt 0:00:01]} h3+ {[%emt 0:00:01]} 46. Kxh3 {[%emt 0:00:02]}
Rxf3+ {[%emt 0:00:01]} 47. Kg2 {[%emt 0:00:01]} Rf4 {[%emt 0:00:01]} 48. h3 {
[%emt 0:00:03]} Rxe4 {[%emt 0:00:01]} 49. Rd3 {[%emt 0:00:06]} Re2+ {[%emt 0:
00:01]} 50. Kg3 {[%emt 0:00:06]} Re1 {[%emt 0:00:02]} 51. Rb7 {[%emt 0:00:02]}
Rg1+ {[%emt 0:00:02]} 52. Kf2 {[%emt 0:00:02]} Rh1 {[%emt 0:00:01]} 53. Kg2 {
[%emt 0:00:01]} Ra1 {[%emt 0:00:02]} 54. Rdd7 {[%emt 0:00:06]} Ra2+ {[%emt 0:
00:01]} 55. Kg3 {[%emt 0:00:02]} Ra3+ {[%emt 0:00:10]} 56. Kh4 {[%emt 0:00:01]}
f5 {[%emt 0:00:03]} 57. Rxg7+ {[%emt 0:00:02]} Kf6 {[%emt 0:00:01]} 58. Rgf7+ {
[%emt 0:00:03]} Ke6 {[%emt 0:00:02]} 59. Rxf5 {[%emt 0:00:01]} Ra8 {[%emt 0:00:
03]} 60. Rb6+ {[%emt 0:00:03]} Ke7 {[%emt 0:00:03]} 61. Rh5 {[%emt 0:00:02]}
Rf8 {[%emt 0:00:02]} 62. Rh7+ {[%emt 0:00:01]} Ke8 {[%emt 0:00:02]} 63. Rb8# {
[%emt 0:00:01]} 1-0

[Event "Villarobledo Online Qualifyer"]
[Site "playchess.com #155672"]
[Date "2009.05.23"]
[Round "2"]
[White "Novoselski"]
[Black "Moe der Beste"]
[Result "1/2-1/2"]
[WhiteElo "2579"]
[BlackElo "2136"]
[PlyCount "152"]
[EventDate "2009.05.23"]
[EventType "swiss (blitz)"]

1. e4 {[%emt 0:00:02]} e6 {[%emt 0:00:01]} 2. d4 {[%emt 0:00:01]} d5 {[%emt 0:
00:01]} 3. e5 {[%emt 0:00:01]} c5 {[%emt 0:00:01]} 4. Qg4 {[%emt 0:00:01]} Nc6
{[%emt 0:00:03]} 5. Nf3 {[%emt 0:00:01]} Nxd4 {[%emt 0:00:02]} 6. Nxd4 {[%emt
0:00:02]} cxd4 {[%emt 0:00:00]} 7. Bd3 {[%emt 0:00:01]} Ne7 {[%emt 0:00:01]} 8.
O-O {[%emt 0:00:02]} Ng6 {[%emt 0:00:01]} 9. Re1 {[%emt 0:00:03]} Qh4 {[%emt 0:
00:06]} 10. Qxh4 {[%emt 0:00:20]} Nxh4 {[%emt 0:00:01]} 11. Nd2 {[%emt 0:00:01]
} Bc5 {[%emt 0:00:03]} 12. Nb3 {[%emt 0:00:03]} Bb6 {[%emt 0:00:01]} 13. a4 {
[%emt 0:00:10]} a6 {[%emt 0:00:01]} 14. a5 {[%emt 0:00:03]} Ba7 {[%emt 0:00:00]
} 15. Bd2 {[%emt 0:00:01]} Bd7 {[%emt 0:00:02]} 16. Bb4 {[%emt 0:00:03]} Ng6 {
[%emt 0:00:06]} 17. Bc5 {[%emt 0:00:03]} Bxc5 {[%emt 0:00:03]} 18. Nxc5 {[%emt
0:00:01]} Rc8 {[%emt 0:00:01]} 19. Nxb7 {[%emt 0:00:02]} Ke7 {[%emt 0:00:05]}
20. b4 {[%emt 0:00:20]} Rc3 {[%emt 0:00:19]} 21. Nc5 {[%emt 0:00:22]} Bb5 {
[%emt 0:00:05]} 22. Nxa6 {[%emt 0:00:04]} Bxd3 {[%emt 0:00:09]} 23. cxd3 {
[%emt 0:00:00]} Rhc8 {[%emt 0:00:11]} 24. Nc5 {[%emt 0:00:03]} Nf4 {[%emt 0:00:
02]} 25. Red1 {[%emt 0:00:08]} Rc2 {[%emt 0:00:29]} 26. Na4 {[%emt 0:00:33]}
Rb8 {[%emt 0:00:16]} 27. Nb6 {[%emt 0:00:04]} Ne2+ {[%emt 0:00:04]} 28. Kf1 {
[%emt 0:00:02]} Nc3 {[%emt 0:00:02]} 29. Rdc1 {[%emt 0:00:02]} Rb2 {[%emt 0:00:
07]} 30. a6 {[%emt 0:00:01]} Rxb4 {[%emt 0:00:10]} 31. a7 {[%emt 0:00:01]}
R4xb6 {[%emt 0:00:02]} 32. axb8=Q {[%emt 0:00:02]} Rxb8 {[%emt 0:00:00]} 33.
Ra7+ {[%emt 0:00:02]} Kf8 {[%emt 0:00:01]} 34. Rca1 {[%emt 0:00:01]} g6 {[%emt
0:00:09]} 35. Ra8 {[%emt 0:00:02]} Rxa8 {[%emt 0:00:01]} 36. Rxa8+ {[%emt 0:00:
00]} Kg7 {[%emt 0:00:00]} 37. Rb8 {[%emt 0:00:04]} g5 {[%emt 0:00:07]} 38. Rb4
{[%emt 0:00:03]} Kg6 {[%emt 0:00:01]} 39. g4 {[%emt 0:00:05]} h5 {[%emt 0:00:
11]} 40. h3 {[%emt 0:00:01]} hxg4 {[%emt 0:00:01]} 41. hxg4 {[%emt 0:00:00]}
Na2 {[%emt 0:00:13]} 42. Rxd4 {[%emt 0:00:03]} Nc1 {[%emt 0:00:01]} 43. f3 {
[%emt 0:00:06]} Nb3 {[%emt 0:00:02]} 44. Rb4 {[%emt 0:00:02]} Nc1 {[%emt 0:00:
08]} 45. d4 {[%emt 0:00:03]} Kg7 {[%emt 0:00:07]} 46. Rb7 {[%emt 0:00:03]} Kg6
{[%emt 0:00:03]} 47. Kf2 {[%emt 0:00:01]} Nd3+ {[%emt 0:00:01]} 48. Ke3 {[%emt
0:00:01]} Nf4 {[%emt 0:00:03]} 49. Rb8 {[%emt 0:00:05]} Kg7 {[%emt 0:00:01]}
50. Kd2 {[%emt 0:00:01]} Ng2 {[%emt 0:00:03]} 51. Kc3 {[%emt 0:00:02]} Ne1 {
[%emt 0:00:04]} 52. Kb4 {[%emt 0:00:05]} Nxf3 {[%emt 0:00:01]} 53. Kc5 {[%emt
0:00:00]} Nh2 {[%emt 0:00:02]} 54. Rb2 {[%emt 0:00:05]} Nf3 {[%emt 0:00:05]}
55. Rb3 {[%emt 0:00:02]} Nd2 {[%emt 0:00:02]} 56. Rb2 {[%emt 0:00:07]} Nf3 {
[%emt 0:00:05]} 57. Rf2 {[%emt 0:00:05]} Ne1 {[%emt 0:00:07]} 58. Kd6 {[%emt 0:
00:02]} Nd3 {[%emt 0:00:01]} 59. Ra2 {[%emt 0:00:03]} Nf4 {[%emt 0:00:07]} 60.
Ke7 {[%emt 0:00:01]} Ng6+ {[%emt 0:00:01]} 61. Ke8 {[%emt 0:00:01]} Nh8 {[%emt
0:00:01]} 62. Ra7 {[%emt 0:00:02]} Kg8 {[%emt 0:00:02]} 63. Rb7 {[%emt 0:00:02]
} Kg7 {[%emt 0:00:01]} 64. Rb8 {[%emt 0:00:01]} Ng6 {[%emt 0:00:02]} 65. Rb7 {
[%emt 0:00:01]} Nh8 {[%emt 0:00:01]} 66. Ra7 {[%emt 0:00:01]} Kg8 {[%emt 0:00:
01]} 67. Ke7 {[%emt 0:00:00]} Kg7 {[%emt 0:00:01]} 68. Ra8 {[%emt 0:00:03]}
Ng6+ {[%emt 0:00:04]} 69. Kd7 {[%emt 0:00:01]} Nf8+ {[%emt 0:00:03]} 70. Ke8 {
[%emt 0:00:01]} Ng6 {[%emt 0:00:02]} 71. Rb8 {[%emt 0:00:02]} Nh8 {[%emt 0:00:
01]} 72. Rb7 {[%emt 0:00:01]} Kg8 {[%emt 0:00:01]} 73. Rb1 {[%emt 0:00:01]} Ng6
{[%emt 0:00:06]} 74. Rc1 {[%emt 0:00:02]} Kg7 {[%emt 0:00:02]} 75. Rf1 {[%emt
0:00:01]} Nf4 {[%emt 0:00:02]} 76. Rb1 {[%emt 0:00:01]} Ng6 {[%emt 0:00:01]
Moe der Beste bietet Remis} 1/2-1/2

[Event "Villarobledo Online Qualifyer"]
[Site "playchess.com #155672"]
[Date "2009.05.23"]
[Round "2"]
[White "Drago_infiammato"]
[Black "andrew wiles"]
[Result "1/2-1/2"]
[WhiteElo "2003"]
[BlackElo "2346"]
[PlyCount "125"]
[EventDate "2009.05.23"]
[EventType "swiss (blitz)"]

1. d4 {[%emt 0:00:01]} d5 {[%emt 0:00:01]} 2. c4 {[%emt 0:00:01]} e6 {[%emt 0:
00:04]} 3. Nc3 {[%emt 0:00:01]} c6 {[%emt 0:00:01]} 4. Nf3 {[%emt 0:00:05]}
dxc4 {[%emt 0:00:02]} 5. a4 {[%emt 0:00:03]} Bb4 {[%emt 0:00:01]} 6. e3 {[%emt
0:00:03]} b5 {[%emt 0:00:05]} 7. Bd2 {[%emt 0:00:02]} a5 {[%emt 0:00:05]} 8.
Be2 {[%emt 0:00:10]} Bb7 {[%emt 0:00:05]} 9. O-O {[%emt 0:00:03]} Nf6 {[%emt 0:
00:09]} 10. axb5 {[%emt 0:00:01]} Bxc3 {[%emt 0:00:01]} 11. bxc6 {[%emt 0:00:
01]} Nxc6 {[%emt 0:00:10]} 12. Bxc3 {[%emt 0:00:02]} Ba6 {[%emt 0:00:04]} 13.
Qa4 {[%emt 0:00:14]} Qb6 {[%emt 0:00:04]} 14. Bxa5 {[%emt 0:00:04]} Qb5 {[%emt
0:00:20]} 15. Qxb5 {[%emt 0:00:14]} Bxb5 {[%emt 0:00:00]} 16. Bc3 {[%emt 0:00:
04]} O-O {[%emt 0:00:06]} 17. b3 {[%emt 0:00:08]} Ne4 {[%emt 0:00:11]} 18. Rac1
{[%emt 0:00:20]} Nd6 {[%emt 0:00:33]} 19. bxc4 {[%emt 0:00:02]} Bxc4 {[%emt 0:
00:09]} 20. Bxc4 {[%emt 0:00:02]} Nxc4 {[%emt 0:00:00]} 21. Bb4 {[%emt 0:00:21]
} Nxb4 {[%emt 0:00:12]} 22. Rxc4 {[%emt 0:00:01]} Nd5 {[%emt 0:00:02]} 23. Ne5
{[%emt 0:00:02]} Rfc8 {[%emt 0:00:05]} 24. Rxc8+ {[%emt 0:00:03]} Rxc8 {[%emt
0:00:00]} 25. g3 {[%emt 0:00:01]} f6 {[%emt 0:00:02]} 26. Nd7 {[%emt 0:00:03]}
Rc2 {[%emt 0:00:06]} 27. Nc5 {[%emt 0:00:02]} e5 {[%emt 0:00:05]} 28. Rd1 {
[%emt 0:00:01]} Nc3 {[%emt 0:00:09]} 29. Rd3 {[%emt 0:00:01]} e4 {[%emt 0:00:
10]} 30. Rxc3 {[%emt 0:00:09]} Rxc3 {[%emt 0:00:00]} 31. Nxe4 {[%emt 0:00:01]}
Rc2 {[%emt 0:00:04]} 32. Kg2 {[%emt 0:00:04]} Kf7 {[%emt 0:00:01]} 33. Kf3 {
[%emt 0:00:05]} Ke6 {[%emt 0:00:02]} 34. g4 {[%emt 0:00:02]} Kd5 {[%emt 0:00:
06]} 35. Nc5 {[%emt 0:00:04]} Rc1 {[%emt 0:00:11]} 36. Nd3 {[%emt 0:00:06]} Rh1
{[%emt 0:00:06]} 37. Nf4+ {[%emt 0:00:04]} Kd6 {[%emt 0:00:02]} 38. Kg2 {[%emt
0:00:02]} Rc1 {[%emt 0:00:04]} 39. Nh5 {[%emt 0:00:01]} Rc7 {[%emt 0:00:02]}
40. h3 {[%emt 0:00:04]} Ke6 {[%emt 0:00:03]} 41. f4 {[%emt 0:00:02]} g6 {[%emt
0:00:01]} 42. Ng3 {[%emt 0:00:01]} Kd5 {[%emt 0:00:07]} 43. Kf3 {[%emt 0:00:03]
} Rc1 {[%emt 0:00:03]} 44. f5 {[%emt 0:00:01]} Ra1 {[%emt 0:00:10]} 45. fxg6 {
[%emt 0:00:02]} hxg6 {[%emt 0:00:00]} 46. h4 {[%emt 0:00:03]} Ra2 {[%emt 0:00:
07]} 47. h5 {[%emt 0:00:04]} gxh5 {[%emt 0:00:01]} 48. Nxh5 {[%emt 0:00:01]}
Ke6 {[%emt 0:00:02]} 49. Nf4+ {[%emt 0:00:01]} Ke7 {[%emt 0:00:02]} 50. Ke4 {
[%emt 0:00:01]} Ra5 {[%emt 0:00:01]} 51. d5 {[%emt 0:00:02]} Kd6 {[%emt 0:00:
01]} 52. Kf5 {[%emt 0:00:07]} Ra3 {[%emt 0:00:04]} 53. e4 {[%emt 0:00:01]} Rf3
{[%emt 0:00:01]} 54. g5 {[%emt 0:00:04]} fxg5 {[%emt 0:00:04]} 55. Kxg5 {[%emt
0:00:01]} Ke5 {[%emt 0:00:04]} 56. Nh5 {[%emt 0:00:55] .} Kxe4 {[%emt 0:00:09]}
57. d6 {[%emt 0:00:01]} Rd3 {[%emt 0:00:06]} 58. Nf6+ {[%emt 0:00:01]} Ke5 {
[%emt 0:00:01]} 59. d7 {[%emt 0:00:01]} Ke6 {[%emt 0:00:01]} 60. Ne4 {[%emt 0:
00:03]} Rd5+ {[%emt 0:00:03]} 61. Kf4 {[%emt 0:00:01]} Kxd7 {[%emt 0:00:01]}
62. Nf6+ {[%emt 0:00:03]} Ke6 {[%emt 0:00:02]} 63. Nxd5 {[%emt 0:00:01]}
1/2-1/2

[Event "Villarobledo Online Qualifyer"]
[Site "playchess.com #155672"]
[Date "2009.05.23"]
[Round "2"]
[White "Golden eye"]
[Black "Dereito"]
[Result "1/2-1/2"]
[WhiteElo "2536"]
[BlackElo "2110"]
[PlyCount "236"]
[EventDate "2009.05.23"]
[EventType "swiss (blitz)"]

1. e4 {[%emt 0:00:02]} d5 {[%emt 0:00:01]} 2. exd5 {[%emt 0:00:02]} Qxd5 {
[%emt 0:00:01]} 3. Nc3 {[%emt 0:00:00]} Qd8 {[%emt 0:00:01]} 4. d4 {[%emt 0:00:
01]} Nf6 {[%emt 0:00:01]} 5. Nf3 {[%emt 0:00:01]} c6 {[%emt 0:00:01]} 6. Ne5 {
[%emt 0:00:02]} Bf5 {[%emt 0:00:01]} 7. g4 {[%emt 0:00:02]} Bg6 {[%emt 0:00:01]
} 8. h4 {[%emt 0:00:01]} Nbd7 {[%emt 0:00:07]} 9. Bf4 {[%emt 0:00:57]} Nxe5 {
[%emt 0:00:11]} 10. Bxe5 {[%emt 0:00:00]} Ne4 {[%emt 0:00:04]} 11. Nxe4 {[%emt
0:00:08]} Bxe4 {[%emt 0:00:01]} 12. f3 {[%emt 0:00:01]} Bd5 {[%emt 0:00:04]}
13. c4 {[%emt 0:00:02]} Be6 {[%emt 0:00:01]} 14. Qd2 {[%emt 0:00:17]} f6 {
[%emt 0:00:01]} 15. Bg3 {[%emt 0:00:02]} Bf7 {[%emt 0:00:01]} 16. O-O-O {[%emt
0:00:02]} Qb6 {[%emt 0:00:01]} 17. Bf2 {[%emt 0:00:07]} Qc7 {[%emt 0:00:06]}
18. Kb1 {[%emt 0:00:04]} O-O-O {[%emt 0:00:01]} 19. Bd3 {[%emt 0:00:01]} e5 {
[%emt 0:00:01]} 20. dxe5 {[%emt 0:00:05]} Qxe5 {[%emt 0:00:01]} 21. Bf5+ {
[%emt 0:00:03]} Qxf5+ {[%emt 0:00:05]} 22. gxf5 {[%emt 0:00:01]} Rxd2 {[%emt 0:
00:01]} 23. Rxd2 {[%emt 0:00:00]} Bxc4 {[%emt 0:00:01]} 24. Bxa7 {[%emt 0:00:
02]} Bb4 {[%emt 0:00:01]} 25. Rd4 {[%emt 0:00:04]} b5 {[%emt 0:00:01]} 26. b3 {
[%emt 0:00:05]} Kb7 {[%emt 0:00:01]} 27. bxc4 {[%emt 0:00:03]} Kxa7 {[%emt 0:
00:01]} 28. cxb5 {[%emt 0:00:01]} c5 {[%emt 0:00:00]} 29. Rd7+ {[%emt 0:00:01]}
Kb6 {[%emt 0:00:01]} 30. Rxg7 {[%emt 0:00:03]} Kxb5 {[%emt 0:00:01]} 31. Rc1 {
[%emt 0:00:07]} Kc6 {[%emt 0:00:06]} 32. h5 {[%emt 0:00:06]} Bd2 {[%emt 0:00:
03]} 33. Rd1 {[%emt 0:00:05]} Be3 {[%emt 0:00:02]} 34. Rdd7 {[%emt 0:00:03]}
Rb8+ {[%emt 0:00:00]} 35. Kc2 {[%emt 0:00:01]} Bd4 {[%emt 0:00:01]} 36. Rc7+ {
[%emt 0:00:06]} Kd5 {[%emt 0:00:01]} 37. Rb7 {[%emt 0:00:06]} Ra8 {[%emt 0:00:
01]} 38. Ra7 {[%emt 0:00:02]} Rb8 {[%emt 0:00:01]} 39. Rgb7 {[%emt 0:00:01]}
Re8 {[%emt 0:00:01]} 40. Rd7+ {[%emt 0:00:04]} Kc4 {[%emt 0:00:01]} 41. Ra4+ {
[%emt 0:00:09]} Kb5 {[%emt 0:00:01]} 42. Raxd4 {[%emt 0:00:01]} cxd4 {[%emt 0:
00:01]} 43. Rxd4 {[%emt 0:00:00]} Re5 {[%emt 0:00:01]} 44. Rf4 {[%emt 0:00:14]}
Re2+ {[%emt 0:00:01]} 45. Kd3 {[%emt 0:00:03]} Rxa2 {[%emt 0:00:01]} 46. Ke3 {
[%emt 0:00:06]} Rh2 {[%emt 0:00:00]} 47. Rd4 {[%emt 0:00:03]} Rxh5 {[%emt 0:00:
01]} 48. Ke4 {[%emt 0:00:02]} Kc5 {[%emt 0:00:02]} 49. Rd5+ {[%emt 0:00:03]}
Kc6 {[%emt 0:00:02]} 50. Ra5 {[%emt 0:00:02]} Kd7 {[%emt 0:00:04]} 51. Ra7+ {
[%emt 0:00:03]} Ke8 {[%emt 0:00:01]} 52. f4 {[%emt 0:00:02]} Rh1 {[%emt 0:00:
01]} 53. Kd5 {[%emt 0:00:01]} h5 {[%emt 0:00:05]} 54. Ke6 {[%emt 0:00:01]} Kd8
{[%emt 0:00:02]} 55. Kxf6 {[%emt 0:00:04]} h4 {[%emt 0:00:00]} 56. Rh7 {[%emt
0:00:04]} h3 {[%emt 0:00:01]} 57. Kf7 {[%emt 0:00:02]} h2 {[%emt 0:00:01]} 58.
f6 {[%emt 0:00:00]} Kd7 {[%emt 0:00:10]} 59. f5 {[%emt 0:00:01]} Kd6 {[%emt 0:
00:02]} 60. Kf8 {[%emt 0:00:09]} Ke5 {[%emt 0:00:02]} 61. f7 {[%emt 0:00:00]}
Kxf5 {[%emt 0:00:01]} 62. Ke7 {[%emt 0:00:15]} Re1+ {[%emt 0:00:02]} 63. Kd6 {
[%emt 0:00:02]} Rd1+ {[%emt 0:00:09]} 64. Kc5 {[%emt 0:00:03]} Rc1+ {[%emt 0:
00:01]} 65. Kd4 {[%emt 0:00:05]} Rc8 {[%emt 0:00:05]} 66. Rxh2 {[%emt 0:00:02]}
Ke6 {[%emt 0:00:01]} 67. Rf2 {[%emt 0:00:06]} Rf8 {[%emt 0:00:01]} 68. Kc5 {
[%emt 0:00:01]} Rxf7 {[%emt 0:00:01]} 69. Re2+ {[%emt 0:00:00]} Kd7 {[%emt 0:
00:01]} 70. Rd2+ {[%emt 0:00:01]} Ke6 {[%emt 0:00:01]} 71. Kc6 {[%emt 0:00:01]}
Rf1 {[%emt 0:00:02]} 72. Re2+ {[%emt 0:00:01]} Kf5 {[%emt 0:00:01]} 73. Kd5 {
[%emt 0:00:01]} Rd1+ {[%emt 0:00:01]} 74. Kc4 {[%emt 0:00:01]} Rc1+ {[%emt 0:
00:01]} 75. Kd3 {[%emt 0:00:01]} Rd1+ {[%emt 0:00:01]} 76. Ke3 {[%emt 0:00:01]}
Rd8 {[%emt 0:00:01]} 77. Rf2+ {[%emt 0:00:00]} Kg4 {[%emt 0:00:01]} 78. Rg2+ {
[%emt 0:00:01]} Kf5 {[%emt 0:00:02]} 79. Rg7 {[%emt 0:00:00]} Ke5 {[%emt 0:00:
01]} 80. Rg5+ {[%emt 0:00:01]} Kf6 {[%emt 0:00:01]} 81. Ra5 {[%emt 0:00:00]}
Rb8 {[%emt 0:00:01]} 82. Ra6+ {[%emt 0:00:02]} Kg5 {[%emt 0:00:01]} 83. Ra5+ {
[%emt 0:00:00]} Kf6 {[%emt 0:00:01]} 84. Ke4 {[%emt 0:00:01]} Rb4+ {[%emt 0:00:
01]} 85. Kd5 {[%emt 0:00:01]} Rb1 {[%emt 0:00:02]} 86. Ra6+ {[%emt 0:00:00]}
Kf5 {[%emt 0:00:01]} 87. Ra8 {[%emt 0:00:01]} Rd1+ {[%emt 0:00:01]} 88. Kc4 {
[%emt 0:00:01]} Rc1+ {[%emt 0:00:00]} 89. Kd3 {[%emt 0:00:00]} Rd1+ {[%emt 0:
00:01]} 90. Ke2 {[%emt 0:00:01]} Rd5 {[%emt 0:00:00]} 91. Rf8+ {[%emt 0:00:01]}
Ke6 {[%emt 0:00:01]} 92. Ke3 {[%emt 0:00:01]} Re5+ {[%emt 0:00:01]} 93. Kd4 {
[%emt 0:00:01]} Rd5+ {[%emt 0:00:01]} 94. Kc4 {[%emt 0:00:00]} Rh5 {[%emt 0:00:
01]} 95. Re8+ {[%emt 0:00:01]} Kd7 {[%emt 0:00:01]} 96. Re1 {[%emt 0:00:01]}
Kd6 {[%emt 0:00:01]} 97. Rd1+ {[%emt 0:00:01]} Kc6 {[%emt 0:00:00]} 98. Rd4 {
[%emt 0:00:00]} Rh1 {[%emt 0:00:01]} 99. Rg4 {[%emt 0:00:02]} Rh6 {[%emt 0:00:
02]} 100. Kb4 {[%emt 0:00:02]} Rd6 {[%emt 0:00:01]} 101. Rc4+ {[%emt 0:00:01]}
Kb6 {[%emt 0:00:01]} 102. Ka4 {[%emt 0:00:01]} Rh6 {[%emt 0:00:01]} 103. Rb4+ {
[%emt 0:00:01]} Kc6 {[%emt 0:00:01]} 104. Ka5 {[%emt 0:00:02]} Rh1 {[%emt 0:00:
01]} 105. Rb6+ {[%emt 0:00:01]} Kc5 {[%emt 0:00:01]} 106. Rb5+ {[%emt 0:00:00]}
Kc6 {[%emt 0:00:00]} 107. Rb2 {[%emt 0:00:03]} Ra1+ {[%emt 0:00:01]} 108. Kb4 {
[%emt 0:00:01]} Ra8 {[%emt 0:00:01]} 109. Kc4 {[%emt 0:00:01]} Ra4+ {[%emt 0:
00:02]} 110. Kb3 {[%emt 0:00:01]} Rh4 {[%emt 0:00:00]} 111. Rc2+ {[%emt 0:00:
01]} Kb5 {[%emt 0:00:01]} 112. Rf2 {[%emt 0:00:02]} Rh3+ {[%emt 0:00:01]} 113.
Kc2 {[%emt 0:00:01]} Kc4 {[%emt 0:00:01]} 114. Rf4+ {[%emt 0:00:01]} Kd5 {
[%emt 0:00:01]} 115. Rg4 {[%emt 0:00:00]} Rh2+ {[%emt 0:00:02]} 116. Kb3 {
[%emt 0:00:00]} Rh3+ {[%emt 0:00:00]} 117. Kb4 {[%emt 0:00:00]} Rh1 {[%emt 0:
00:01]} 118. Rg5+ {[%emt 0:00:00]} Ke4 {[%emt 0:00:00]} 1/2-1/2